000 00659nam a2200217 a 4500
001 70187
003 BD-RjUL
005 20211209081955.0
008 170416s1951 enk | |||1 | eng d
035 _a(BD-RjUL)70400
040 _aBD-RjUL
_beng
_cBD-RjUL
041 _aeng
082 _223
_a546
_bMEL 1951
245 0 0 _aMellor's Modern Inorganic Chemistry /
_cedited and revised by G.D. Parkes.
250 _aNew rev. and ed.
260 _aLondon :
_bLongmans Green and Co.,
_c1951 [Impression 1960]
300 _axxi, 967 p. :
_bill. ;
_c22 cm.
500 _aInventory Control Project record.
650 _aInorganic Chemistry
_9161098
942 _2ddc
_cBK
999 _c70187
_d70187